| 000 | 00903nam a2200241 a 4500 | ||
|---|---|---|---|
| 001 | BRCA_1014 | ||
| 005 | 20190320203237.0 | ||
| 008 | 071105s1975----uk-a######---#000-0#eng-d | ||
| 041 | _aeng | ||
| 044 | _aUk | ||
| 050 | 4 |
_aZ5956 _b.A78 1975 |
|
| 245 | 1 | 0 |
_aThe Arts Applied _bA Catalogue of Books : furniture, interior design, murals, mosaics, ceilings, exhibitions, ceramics, metalwork, jewelry, textiles, vases, ornament : some original drawings _cedited by Denise Chafer ; catalogued and annotated by Denise Chafer & Hugh Pagan. |
| 260 |
_aLondres _bB. Weinreb Architectural Books Ltd. _c1975 |
||
| 300 |
_a319 p. _bil. _c24 cm. |
||
| 500 | _aIncluye índice alfabético | ||
| 500 | _aCatálogo No. 29 | ||
| 504 | _aBibliografía: p. [6] | ||
| 650 | 1 | 4 |
_aArtes decorativas _vBibliografía _93336 |
| 700 | 1 |
_aChafer, Denise _93337 |
|
| 700 | 1 |
_aPagan, Hugh _93338 |
|
| 902 | _aREF | ||
| 942 |
_2lcc _cB |
||
| 999 |
_c894 _d894 |
||